<?xml version="1.0" encoding="UTF-8"?><?xml-stylesheet type="text/xsl" href="static/style.xsl"?><OAI-PMH xmlns="http://www.openarchives.org/OAI/2.0/" xmlns:xsi="http://www.w3.org/2001/XMLSchema-instance" xsi:schemaLocation="http://www.openarchives.org/OAI/2.0/ http://www.openarchives.org/OAI/2.0/OAI-PMH.xsd"><responseDate>2026-04-14T03:01:45Z</responseDate><request verb="GetRecord" identifier="oai:www.recercat.cat:20.500.12327/3083" metadataPrefix="marc">https://recercat.cat/oai/request</request><GetRecord><record><header><identifier>oai:recercat.cat:20.500.12327/3083</identifier><datestamp>2025-10-22T11:09:52Z</datestamp><setSpec>com_2072_4428</setSpec><setSpec>com_2072_4427</setSpec><setSpec>col_2072_487898</setSpec></header><metadata><record xmlns="http://www.loc.gov/MARC21/slim" xmlns:dcterms="http://purl.org/dc/terms/" xmlns:xsi="http://www.w3.org/2001/XMLSchema-instance" xmlns:doc="http://www.lyncode.com/xoai" xsi:schemaLocation="http://www.loc.gov/MARC21/slim http://www.loc.gov/standards/marcxml/schema/MARC21slim.xsd">
   <leader>00925njm 22002777a 4500</leader>
   <datafield ind2=" " ind1=" " tag="042">
      <subfield code="a">dc</subfield>
   </datafield>
   <datafield ind2=" " ind1=" " tag="720">
      <subfield code="a">Cánovas, A.</subfield>
      <subfield code="e">author</subfield>
   </datafield>
   <datafield ind2=" " ind1=" " tag="720">
      <subfield code="a">Quintanilla, Raquel</subfield>
      <subfield code="e">author</subfield>
   </datafield>
   <datafield ind2=" " ind1=" " tag="720">
      <subfield code="a">Gallardo, D.</subfield>
      <subfield code="e">author</subfield>
   </datafield>
   <datafield ind2=" " ind1=" " tag="720">
      <subfield code="a">Díaz, Isabel</subfield>
      <subfield code="e">author</subfield>
   </datafield>
   <datafield ind2=" " ind1=" " tag="720">
      <subfield code="a">Noguera, José Luis</subfield>
      <subfield code="e">author</subfield>
   </datafield>
   <datafield ind2=" " ind1=" " tag="720">
      <subfield code="a">Ramírez, O.</subfield>
      <subfield code="e">author</subfield>
   </datafield>
   <datafield ind2=" " ind1=" " tag="720">
      <subfield code="a">Pena, Romi</subfield>
      <subfield code="e">author</subfield>
   </datafield>
   <datafield ind2=" " ind1=" " tag="260">
      <subfield code="c">2009-10-23</subfield>
   </datafield>
   <datafield ind2=" " ind1=" " tag="520">
      <subfield code="a">The 3-hydroxy-3-methylglutaryl-CoA reductase (HMGCR) is the rate-limiting enzyme in the biosynthesis of cholesterol. We have&#xd;
studied the role of the HMGCR gene in pig lipid metabolism by means of expression and structural analysis. We describe here&#xd;
the complete coding region of this gene in pigs and report two synonymous single nucleotide polymorphisms in the coding region.&#xd;
We have, additionally, studied the association of one of these polymorphisms (HMGCR:c.807A.C) with several lipid depositionand cholesterol-related traits in a half-sib population generated from a commercial Duroc line, showing in some families a positive&#xd;
relationship of HMGCR:c.807A allele with serum low-density lipoprotein (LDL)-bound cholesterol and triglyceride levels, and also&#xd;
with intramuscular fat (IMF) content of gluteus medius muscle. We have also assessed the expression levels in muscle and in liver&#xd;
from 68 Duroc individuals corresponding to the most extreme animals for the analysed traits. Liver HMGCR expression correlated&#xd;
negatively with the serum high-density lipoprotein (HDL) levels, carcass lean percentage and stearic acid content, while muscle&#xd;
expression correlated also negatively with the carcass lean percentage, stearic and linoleic acids content, but showed a positive&#xd;
correlation with the serum lipid cholesterol (HDL, LDL and total cholesterol), IMF and muscle oleic and palmitic fatty acid content.&#xd;
With this information, we have performed an association analysis of expression data with lipid metabolism phenotypic levels and&#xd;
the HMGCR genotype. The results indicate that HMGCR expression levels in muscle are different in the two groups of pigs with&#xd;
extreme values for fat deposition and total cholesterol levels, and also between animals with the different HMGCR genotypes.</subfield>
   </datafield>
   <datafield ind1="8" ind2=" " tag="024">
      <subfield code="a">Cánovas, A., R. Quintanilla, D. Gallardo, I. Díaz, J.L. Noguera, O. Ramírez, and R.N. Pena. 2010. “Functional and Association Studies on the Pig HMGCR Gene, a Cholesterol-synthesis Limiting Enzyme.”Animal 4 (2): 224–233. doi: 10.1017/s1751731109991145</subfield>
   </datafield>
   <datafield ind1="8" ind2=" " tag="024">
      <subfield code="a">1751-7311</subfield>
   </datafield>
   <datafield ind1="8" ind2=" " tag="024">
      <subfield code="a">http://hdl.handle.net/20.500.12327/3083</subfield>
   </datafield>
   <datafield ind1="8" ind2=" " tag="024">
      <subfield code="a">https://doi.org/10.1017/S1751731109991145</subfield>
   </datafield>
   <datafield ind2="0" ind1="0" tag="245">
      <subfield code="a">Functional and association studies on the pig HMGCR gene, a cholesterol-synthesis limiting enzyme</subfield>
   </datafield>
</record></metadata></record></GetRecord></OAI-PMH>